00999nam a2200253 i 450000100060000000300090000600500170001500700030003200800410003508000120007610000260008824501450011426000310025930000550029049000360034565000460038165000340042770000360046170000460049783000410054385200220058499900170060695201220062371466ES-MaACL20250804011246.0t|040811s1971 sp ||||1| spa d a613.8881 aGeller, Sacha.95626313aLa temperatura, guía de la mujer / cSacha Geller ; nota preliminar y notas de José López Navarro ; [versión, José Luis Sobrón]. aMadrid : bRialp, c[1971] aXXVI, 9-147 p., [1] h. de gráf. pleg. ; c19 cm.1 aLibros de bolsillo Rialp ; v56 4aPlanificación familiar natural.9173787 4aTemperatura corporal.91369191 aLópez Navarro, José.9738221 aSobrón González, José Luis.910701110aLibros de bolsillo Rialpv5691814244 aES-MaACLjC-50663 c71466d71466 00104070aATENEOMbATENEOMcDEPO2d2008-01-17eSCl0oC-50663p1074822r2023-02-23 00:00:00w2023-02-23yMONOGRAFIA